000 00400nam a2200169Ia 4500
008 230917s9999||||xx |||||||||||||| ||und||
020 _cRS45
040 _e26117
_aMAIN
041 _aEnglish
082 _a658 C392P
100 _aChaturvedi, C L
245 0 _aPrinciples of business studies
250 _a5th ed.
260 _aDelhi
_bShree Mahavir Book Depot
300 _a348 p.
942 _cBK
999 _c89603
_d89603